Statistics using R (Record no. 115)

MARC details
000 -LEADER
fixed length control field 00663 a2200193 4500
001 - CONTROL NUMBER
control field 065752
003 - CONTROL NUMBER IDENTIFIER
control field OSt
005 - DATE AND TIME OF LATEST TRANSACTION
control field 20251204150111.0
008 - FIXED-LENGTH DATA ELEMENTS--GENERAL INFORMATION
fixed length control field
082 ## - DEWEY DECIMAL CLASSIFICATION NUMBER
Classification number 519.50285
Item number P97S
100 1# - MAIN ENTRY--PERSONAL NAME
Personal name Purohit, Sudha G.
245 1# - TITLE STATEMENT
Title Statistics using R
Statement of responsibility, etc By Sudha G. Purihit, Sharad D. Gore And Shailaja R. Deshmukh
260 ## - PUBLICATION, DISTRIBUTION, ETC. (IMPRINT)
Place of publication, distribution, etc New Delhi
Name of publisher, distributor, etc Narosa Publication
Date of publication, distribution, etc 2009
300 ## - PHYSICAL DESCRIPTION
Extent V.P.
690 ## - LOCAL SUBJECT ADDED ENTRY--TOPICAL TERM (OCLC, RLIN)
Topical term or geographic name as entry element Mathematical statistics -- Data processing; Statistics -- Data processing; R (Computer program language); R (Lenguaje de programación) R (Programm)
700 ## - ADDED ENTRY--PERSONAL NAME
Personal name Gore, Sharad D.
700 1# - ADDED ENTRY--PERSONAL NAME
Personal name Deshmukh, Shailaja R.
942 ## - ADDED ENTRY ELEMENTS (KOHA)
Source of classification or shelving scheme Dewey Decimal Classification
Koha item type Books
Holdings
Withdrawn status Lost status Source of classification or shelving scheme Damaged status Not for loan Collection code Home library Current library Department Date acquired Source of acquisition Cost, normal purchase price Inventory number(Invoice/Date) Total Checkouts Full call number Barcode Date last seen Date checked out Price effective from Koha item type Checked out
    Dewey Decimal Classification     General Text Book Central University Of Rajasthan Central University Of Rajasthan Statistics 07/03/2012 STT 295.00 67/14.09.2009 10 519.50285 P97S 38 21/01/2026 06/01/2026 02/09/2020 Books  
    Dewey Decimal Classification     General Text Book Central University Of Rajasthan Central University Of Rajasthan Statistics 07/03/2012 STT 295.00     519.50285 P97S 39 02/09/2020   02/09/2020 Books 24/09/2014